Harry Potter - Personnages de Poudlard - Statistiques

Statistiques générales
  • Ce quiz a été pris 4 060 fois
  • Le résultat moyen est 30 sur 38
Statistiques - réponses
Hint Réponse % Correct
Professeurs Soins aux créatures magiques Rubeus Hagrid
98%
Personnel Garde-chasse Rubeus Hagrid
98%
Professeurs Potions Severus Rogue
97%
Professeurs Directeur Albus Dumbledore
95%
Professeurs Vol sur balai Rolanda Bibine
95%
Personnel Arbitre de Quidditch Rolanda Bibine
95%
Fantômes Fantôme tutélaire de Serdaigle La Dame Grise (Helena Serdaigle)
94%
Professeurs Métamorphose Minerva McGonagall
94%
Professeurs Défense contre les forces du Mal Remus Lupin
93%
Fondateurs Fondateur Rowena Serdaigle
93%
Fondateurs Fondateur Salazar Serpentard
93%
Personnel Concierge Argus Rusard
92%
Fondateurs Fondateur Helga Poufsouffle
92%
Fantômes Fantôme tutélaire de Gryffondor Sir Nicholas de Mimsy-Porpington
92%
Fondateurs Fondateur Godric Gryffondor
91%
Professeurs Botanique Pomona Chourave
91%
Professeurs Défense contre les forces du Mal Dolores Ombrage
90%
Fantômes Fantôme tutélaire de Serpentard Le Baron Sanglant
90%
Personnel Infirmière Poppy Pomfresh
90%
Professeurs Divination Sibylle Trelawney
90%
Professeurs Défense contre les forces du Mal Gilderoy Lockhart
89%
Professeurs Défense contre les forces du Mal Quirinus Quirrell
88%
Professeurs Defense contre les forces du Mal Alastor Maugrey
86%
Professeurs Sortilèges Filius Flitwick
86%
Professeurs Potions Horace Slughorn
80%
Fantômes Fantôme tutélaire de Poufsouffle Le Moine Gras
80%
Fantômes Fantôme Peeves
78%
Professeurs Histoire de la magie Cuthbert Binns
73%
Fantômes Fantôme Cuthbert Binns
73%
Professeurs Divination Firenze
65%
Personnel Bibliothécaire Irma Pince
65%
Professeurs Soins aux créatures magiques Wilhelmina Gobe-Planche
62%
Professeurs Astronomie Aurora Sinistra
56%
Fantômes Fantôme Mimi Geignarde
55%
Professeurs Étude des Moldus Charity Brubage
46%
Professeurs Arithmancie Septima Vector
40%
Professeurs Soins aux créatures magiques Silvanus Brûlopot
24%
Professeurs Étude des runes Bathsheba Babbling
23%
Aucun quiz correspondant
Distribution des résultats
% des personnes avec chaque résultat
Percentile par nombre de réponses
Votre historique - résultats
Vous n’avez pas pris ce quiz